000 00454nam a2200181Ia 4500
008 100920s9999 xx 000 0 und d
082 _b58450
_a--- 0
100 _aकदम बाबा.
245 _aघायाळ.
260 _b---
_c0
300 _a332
_bसाधी
365 _b100
520 _aकादंबरी.
630 _aघायाळ.
650 _aकादंबरी.
730 _aघायाळ.
942 _cBOOK
999 _c702132
_d702129